01001nam a2200253 i 4500003000900000005001700009007000300026008004100029020001800070040003000088082002100118100003700139245020500176264006600381300002600447336002700473337003400500338002800534490003700562490001900599500007200618504002500690700003200715DO-SdBNP20250610082548.0ta221031b2022 dr ||||er ||| 00| 0 spa d a9789945509250 aDO-SdBNPbspacBNPHUerda 4222axxxxxbF363c1 aFernández Florencio, Katherine10aCiudadanía y democracia :banálisis especializado con base en la encuesta de cultura política y cambio climático en República Dominicana /cKatherine Fernández Florencio, Alexandra Viloria 1aSanto Domingo :bFundación Friedrich Ebert Stiftung,c2022. a11 páginas c30 cm. 2rdacontentatextobtxt 2rdamediaasin mediación bn 2rdacurrieravolumenbnc1 aDemocracia y derechos humanos ; 1 aPerspectiva ;  aIncluye datos biográficos de la autora en la última página.  aBibliografía p: 111 aViloria, AlexandraeAutora.